Länder mit dem höchsten Kaffeekonsum - Statistiken

Allgemein
  • Dieses Quiz wurde 210 mal gespielt
  • Das Durchschnittsergebnis liegt bei 9 aus 15
Antwortstatistiken
Platz Land Konsum pro Kopf % Korrekt
10. Deutschland 6,5 kg
99%
2. Schweden 10,1 kg
80%
3. Norwegen 8,6 kg
79%
1. Finnland 12,2 kg
78%
13. Brasilien 5,9 kg
77%
8. Dänemark 6,9 kg
77%
5. Österreich 7,8 kg
77%
6. Schweiz 7,6 kg
75%
9. Kanada 6,7 kg
74%
4. Island 8,4 kg
61%
14. Griechenland 5,8 kg
43%
15. Slowakei 5,7 kg
28%
12. Israel 6 kg
27%
11. Zypern 6,1 kg
16%
7. Libanon 7,2 kg
14%
Keine übereinstimmenden Quizze gefunden
Verteilung der Resultate
Anzahl Personen mit jedem Resultat
Perzentil nach korrekt beantworteten Fragen
Ihre Resultats-Entwicklung
Sie haben dieses Quiz noch nicht gespielt